| 000 | 00355nam a2200145Ia 4500 | ||
|---|---|---|---|
| 008 | 150201s2003 xx 000 0 und d | ||
| 082 |
_a617.695 _bD2003S |
||
| 100 | _aSONIS STEPHEN | ||
| 245 | _aDENTAL SECRETS | ||
| 250 | _a3RD | ||
| 260 |
_bHANLEY &BELFUS PUBLICATION _aNEW DELHI _c2003 |
||
| 300 | _a1-370 | ||
| 650 | _aORAL MEDICINE | ||
| 942 |
_2ddc _cBK |
||
| 999 |
_c3169 _d3169 |
||